Науково-практичний коментар до законодавства України про працю (Запис № 310298)
[ простий вигляд ]
| 000 -Лідер | |
|---|---|
| fixed length control field | 00834nam a22002897a 4500 |
| 003 - Ідентифікатор контрольного номера | |
| control field | UA-OsUOA |
| 001 - Контрольний номер | |
| control field | 24035 |
| 007 - Фіксоване поле фізичного опису | |
| fixed length control field | ta |
| 008 - Елементи даних фіксованої довжини – загальна інформація | |
| fixed length control field | 20040205b un ||||| |||| 00| 0 ukr d |
| 090 ## - Локальний шифр розміщення | |
| Класифікаційний індекс УДК | 34(094.4):3422 |
| Авторський знак (НП) | С80 |
| 040 ## - Джерело каталогізації | |
| Агенція оригінальної каталогізації | UA-OsUOA |
| Мова каталогізації | ukr |
| Агенція, яка здійснювала перезапис | UA-OsUOA |
| Агенція, яка здійснювала модифікацію | UA-OsUOA |
| 041 ## - Код мови | |
| Код мови тексту/ звукової доріжки чи окремого заголовка (П) | ukr |
| 080 ## - Індекс Універсальної десяткової класифікації | |
| Індекс Універсальної десяткової класифікації (УДК) (НП) | 34(094.4):3422 |
| 020 ## - Міжнародний стандартний книжковий номер (ISBN) | |
| Міжнародний стандартний книжковий номер (ISBN) (НП) | 966-539-421-5 |
| 044 ## - Код країни видавця/ виробника | |
| Код країни видавця/ виробника (П) | UA |
| 100 ## - Основне введення – ім’я особи | |
| Ім’я особи (НП) | Стичинський Б.С. |
| 245 ## - Відомості про назву | |
| Назва (НП) | Науково-практичний коментар до законодавства України про працю |
| 260 ## - Публікація, розповсюдження і т.п. (Вихідні дані) | |
| Місце публікації, розповсюдження і т.п. (П) | Київ |
| Ім’я/ наймення видавництва, розповсюджувача і т.п. (П) | Видавництво А.С.К. |
| Дата публікації, розповсюдження і т.п. (П) | 2003 |
| 250 ## - Відомості про видання (редакцію) | |
| -- | 4-те вид., допов. та переробл. |
| 300 ## - Фізичний опис | |
| Обсяг | 1024 с. |
| 650 #7 - Додаткове предметне введення – тематичний термін | |
| Джерело заголовка чи терміна | UDC |
| 700 ## - Додаткове введення – ім'я особи | |
| Ім’я особи (НП) | Зуб І.В. |
| 700 ## - Додаткове введення – ім'я особи | |
| Ім’я особи (НП) | Ротань В.Г. |
| 942 ## - Додаткові елементи входу (Коха) | |
| Тип елемента Koha | Книги |
| 955 ## - Код типу видання за змістом | |
| Код типу видання за змістом (НП) | інше |
| Стан вилучень | Стан втрат | Джерело класифікації або схеми стелажів | Стан уражень | Не для кредиту | Постійне місце розташування | Поточне розміщення | Дата придбання | Вартість, звичайна ціна покупки | Інвентарний номер | Усього замовленно | Повний номер виклику | Штрих-код | Перевірено | Дата останнього перегляду | Дата останньої перевірки | Ціна ефективна від | Тип елемента Koha |
|---|---|---|---|---|---|---|---|---|---|---|---|---|---|---|---|---|---|
| Universal Decimal Classification | ЧЗ - Читальна зала | ЧЗ - Читальна зала | 05/02/2004 | 33.00 | 77279 | 1 | 34(094.4):3422 С80 | 77279 | 08/08/2019 | 25/07/2019 | 25/07/2019 | 05/02/2004 | Книги | ||||
| Withdrawn | Universal Decimal Classification | Not For Loan | ЧЗ - Читальна зала | ЧЗ - Читальна зала | 05/02/2004 | 33.00 | 77280 | 1 | 34(094.4):3422 С80 | 77280 | 29/11/2019 | 25/07/2019 | 05/02/2004 | Книги |